000 01730cam a22004574i 4500
003 PE-LiUPU
005 20250731172913.0
008 150617s r 000 0 d
035 _a(Sirsi) a16955
040 _aPE-LiUPU
_bspa
_cPE-LiUPU
_erda
049 _aPRUA
082 0 4 _a282
_bJ25
_221
100 1 _aJanus,
_eautor.
245 1 0 _aO Papa e o concilio /
_cJanus.
264 1 _aSao Pablo :
_bSaraiva & Cia.,
_c1930.
300 _a656 páginas ;
_c24 cm.
336 _atext
_2rdacontent
337 _aunmediated
_2rdamedia
338 _avolume
_2rdacarrier
504 _aNotas bibliográficas.
505 0 _aDilataçao invasora do papado á custa da soberania temporal. -Desenvolvimento invasor do papado á custa da igreja. -Identidade entre a idêa de infallibilidade pessoal e a de omnipotencia divina. -O syllabus. -Incompatibilidade entre o catholicismo papal e as constituiçoes modernas individuadamente a brasileira. -O regalismo e as concordatas. -A igreja livre no estado livre. Reformas.
526 _aSEG42
526 _aSEG41
526 _aSEG40
526 _aSEG39
526 _aP94
526 _aP87
526 _aP86
526 _aP85
526 _aP77
526 _aP76
526 _aP35
650 0 4 _aPapa
_xAutoridad.
910 _ajck
_bjvq
_cjck
_d20150616
942 _2ddc
_cBOOK
949 _a282 J25
_wDEWEY
_c1
_i11899
_lCCODEBUL1
_mBUL
_p00.00
_r0
_sY
_tBOOK
_u2015-04-21
_xTEOLOGIA
_PP35
_0COMPRA
_o.STAFF. Colección General
994 _aC0
_bPEPRU
596 _a1
999 _a282 J25
_wDEWEY
_c16480
_i11899
_f2021-11-12
_g5
_lCCODEBUL1
_mBUL
_r0
_sY
_tBOOK
_u2015-4-21
_xTEOLOGIA
_PP35
_0COMPRA
_o.STAFF. Colección General
_d16480
980 _81
_gALBERTO SANCHEZ Responsable de Automatización